इंद्रधनुष्य (Record no. 178852)

MARC details
000 -LEADER
fixed length control field 00491nam a2200181Ia 4500
008 - FIXED-LENGTH DATA ELEMENTS--GENERAL INFORMATION
fixed length control field 090124s9999 xx 000 0 und d
082 ## - DEWEY DECIMAL CLASSIFICATION NUMBER
Item number 132718
100 ## - MAIN ENTRY--PERSONAL NAME
Personal name पटेल अलका
245 ## - TITLE STATEMENT
Title इंद्रधनुष्य
250 ## - EDITION STATEMENT
Edition statement 1
260 ## - PUBLICATION, DISTRIBUTION, ETC. (IMPRINT)
Date of publication, distribution, etc 2004
300 ## - PHYSICAL DESCRIPTION
Extent 96
600 ## - SUBJECT ADDED ENTRY--PERSONAL NAME
Personal name पटेल अलका
630 ## - SUBJECT ADDED ENTRY--UNIFORM TITLE
Uniform title इंद्रधनुष्य
700 ## - ADDED ENTRY--PERSONAL NAME
Personal name पटेल अलका
730 ## - ADDED ENTRY--UNIFORM TITLE
Uniform title इंद्रधनुष्य
942 ## - ADDED ENTRY ELEMENTS (KOHA)
Koha item type Book
Holdings
Withdrawn status Lost status Damaged status Not for loan Home library Current library Date acquired Cost, normal purchase price Total Checkouts Full call number Barcode Date last seen Cost, replacement price Price effective from Koha item type
        Marathi Granth Sangrahalaya,Thane Marathi Granth Sangrahalaya,Thane   100.00   132718 THNMGS-132718 01/24/2009 100.00 01/24/2009 Book